Employment and labor law

Αποθηκεύτηκε σε:
Λεπτομέρειες βιβλιογραφικής εγγραφής
Κύριος συγγραφέας: Cihon, PatricK. J.
Άλλοι συγγραφείς: Castagnera, James
Μορφή: Βιβλίο
Γλώσσα:English
Δημοσίευση: Chincinnati : West Educational Publishing company, c1992
Έκδοση:3rd ed.
Θέματα:
Ετικέτες: Προσθήκη ετικέτας
Δεν υπάρχουν, Καταχωρήστε ετικέτα πρώτοι!

MARC

LEADER 00000nam a2200000 i 4500
001 1/103287
008 000301s1999 eng d
020 |a 0-538-85443-X 
035 |l 10058409 
040 |a GR-MY-UA  |b gre  |e aacr 
041 0 |a eng 
082 0 |a 344.7301 
100 1 |a Cihon, PatricK. J. 
245 1 0 |a Employment and labor law /  |c Patrick J. Cihon, James Ottavio Castagnera 
250 |a 3rd ed. 
260 |a Chincinnati :   |b West Educational Publishing company,   |c c1992 
300 |a 773 σ. 
504 |a Περιέχει ευρετήριο 
650 0 0 |a Labor laws and legislation  |z United States. 
700 1 |a Castagnera, James. 
852 |a INST  |b LESVOS  |e 20000301  |h 344.7301 CIH  |p 005100020847  |q 005100020847  |t BK  |y 0 
901 |a BIBL1-2000-1 
909 |a Λ  |b 074869 
922 |a 1ΕΛΗ  |b 200001  |c ΚΠΣ/ΤΚ  |d GLORY 
950 |a 103-1999-12-8 
970 |a ΤΖΑΦΕΡΗ  |b ΕΥΑΓΓΕΛΙΑ  |z 2000/03/15